Roscoea Megalantha (Record no. 7676)

MARC details
000 -LEADER
fixed length control field 00380nam a22001457a 4500
005 - DATE AND TIME OF LATEST TRANSACTION
control field 20190225124734.0
008 - FIXED-LENGTH DATA ELEMENTS--GENERAL INFORMATION
fixed length control field 190225b ||||| |||| 00| 0 eng d
040 ## - CATALOGING SOURCE
Transcribing agency jitshen
100 ## - MAIN ENTRY--PERSONAL NAME
Personal name Yashida,T
245 ## - TITLE STATEMENT
Title Roscoea Megalantha
Remainder of title A new species from eastern Bhutan and India.
300 ## - PHYSICAL DESCRIPTION
Extent 9 p.
Dimensions 30 cm.
700 ## - ADDED ENTRY--PERSONAL NAME
Personal name Yangzom, R.
Personal name Newman, M.F.
942 ## - ADDED ENTRY ELEMENTS (KOHA)
Source of classification or shelving scheme Dewey Decimal Classification
Koha item type Binder
Holdings
Withdrawn status Lost status Source of classification or shelving scheme Damaged status Not for loan Collection code Home library Current library Shelving location Date acquired Serial Enumeration / chronology Total Checkouts Barcode Date last seen Price effective from Koha item type
    Dewey Decimal Classification     Binding Materials. RTC Library RTC Library Binding 25/02/2019 13463   30012946 25/02/2019 25/02/2019 Binder
    Dewey Decimal Classification     Binding Materials. RTC Library RTC Library Binding 25/02/2019 13462   30013444 25/02/2019 25/02/2019 Binder
    Dewey Decimal Classification     Binding Materials. RTC Library RTC Library Binding 25/02/2019 13458   30012286 25/02/2019 25/02/2019 Binder
Royal Thimphu College || All Right Reserved